000 00735nam a2200217 a 4500
001 000009898
005 20240412074213.0
008 091002s2001 dr r 000 p spa d
020 _z999340640X
040 _aDO-SdBNP
_bspa
_cBNPHU
082 _aRD861.44
_bC957s
100 1 _aCruz, María Graciela de la,
_d1956-
_924831
245 1 0 _aSacia la sed sin llevarte la fuente /
_cMaría Graciela de la Cruz.
260 _aSanto Domingo :
_bLetra Gráfica,
_c2001.
300 _a65 p. ;
_c23 cm.
500 _aIncluye datos biográficos del autor en la solapa de la cubierta.
590 _aInventariado, 2018/BT
650 0 _aPoesía dominicana
_966
650 0 _aLiteratura dominicana.
_967
910 _aValidado. Control de calidad. MFF
999 _c9657
_d9657